| 000 | 00354nam a2200145Ia 4500 | ||
|---|---|---|---|
| 008 | 150201s2009 xx 000 0 und d | ||
| 082 |
_a617.525 _bC2009B |
||
| 100 | _aBLOCK | ||
| 245 | _aCOLOR ATLAS OF DENTAL IMPLANT SURGERY | ||
| 250 | _a2ND | ||
| 260 |
_bSAUNDERS _aPHILADELPHIA _c2009 |
||
| 300 | _a1-370 | ||
| 650 | _aORAL SURGERY | ||
| 942 |
_2ddc _cBK |
||
| 999 |
_c4157 _d4157 |
||